The Inbetweeners Characters - Statistics

General Stats
  • This quiz has been taken 2,953 times
  • The average score is 13 of 23
Answer Stats
Episodes Character % Correct
18 Jay Cartwright
98%
18 Neil Sutherland
98%
18 Simon Cooper
98%
18 Will McKenzie
97%
11 Carli D'Amato
78%
10 Polly McKenzie
73%
5 Kevin Sutherland
72%
13 Mr. Gilbert
71%
5 Terry Cartwright
70%
10 Alan Cooper
69%
9 Pamela Cooper
69%
6 Charlotte Hinchcliffe
68%
3 Mrs. Cartwright
62%
9 Mark Donovan
54%
3 Tara
53%
6 Andrew Cooper
45%
9 John
44%
2 Katie Sutherland
44%
2 Mr. Kennedy
32%
3 David Glover
15%
2 Chris D'Amato
14%
3 Rachel
12%
3 Tom
10%
No matching quizzes found
Score Distribution
Percent of People with Each Score
Percentile by Number Answered
Your Score History
You have not taken this quiz